Normal view
MARC view
- Alemany Briz, Carlos,
Entry Nombre Personal
001 - NUMERO DE CONTROL
- campo de control: 42042
003 - IDENTIFICADOR DE NUMERO DE CONTROL
- campo de control: UPN
005 - FECHA Y HORA DE LA ÜLTIMA TRANSACCIÓN
- campo de control: 20210219194615.0
008 - DATOS DE LONGITUD FIJA
- campo de control de longitud fija: nabaccnnaabn|||||||||| b |nc|||||d
035 ## - NUMERO DE CONTROL
- Número de control: UPN11000014149
040 ## - FUENTE DE CATALOGACIÓN
- Lenguaje de catalogación: SPA
- Agencia de transcripción: UPN
100 1# - ENCABEZAMIENTO - NOMBRE PERSONAL
- Nombre personal: Alemany Briz, Carlos,
- Fechas asociadas con el nombre: 1944-
670 ## - FUENTE EN LA QUE SE LOCALIZARON DATOS
- Cita de la fuente: T
- Uniform Resource Identifier: https://www.iberlibro.com/9788433026170/Comunicaci%C3%B3n-Humana-Ventana-Abierta-Serendipity-8433026178/plp
680 ## - NOTA PUBLICA DE ACCESO PÚBLICO
- Frase explicativa de la referencia: Dr. en Psicología (Universidad Complutense de Madrid). Lic. en Filosofía y Letras (Universidad de Valencia). Lic. en Teología (Universidad Pontificia de Comillas)
902 ## - CATALOGADOR
- Catalogador: EMR/281118
